ნორმალური ფორმატი
MARC ფორმატი
ჩანაწერი Meeting Name
ჩანაწერთა რაოდენობა, რომელიც გამოყენებულია: 1
001 - CONTROL NUMBER
- control field: 26073
003 - CONTROL NUMBER IDENTIFIER
- control field: GE_BSU
005 - DATE AND TIME OF LATEST TRANSACTION
- control field: 20251020153124.0
008 - FIXED-LENGTH DATA ELEMENTS
- fixed length control field: 251020|| aca||aabn | a|a d
040 ## - CATALOGING SOURCE
- Original cataloging agency: GE_BSU
- Transcribing agency: GE_BSU
111 ## - HEADING--MEETING NAME
- Meeting name or jurisdiction name as entry element: საქართველოს ეროვნული მუზეუმი, ისტორიისა და ეთნოლოგიის სამეცნიერო-კვლევითი ინსტიტუტი.
670 ## - SOURCE DATA FOUND
- Source citation: Work cat.: (GE_BSU): ნადირაძე, ელდარ 26071, აზი და ღვინო საქართველოში : არქეოლოგიური და ეთნოგრაფიული მონაცემების მიხედვით = The Grapevine and Vine in Georgia : According to Archaelogical and Ethnographie Evidence /
